000
00227nam a22000857a 4500
008
161122b xxu||||| |||| 00| 0 eng d
100
_9
1335
_a
Kidz.O
245
_a
Mysterious Tales of Arabian Nights
260
_a
New Delhi
_b
OM KIdz
_c
2012
999
_c
4046
_d
4046